Сочинения: В 5 т.; Т. 3. Олимпио, или Жизнь Виктора Гюго

Chi tiết về thư mục
Tác giả chính: Моруа А. Андре
Tác giả khác: Немчинова Н. (переводчик), Трескунов М.
Ngôn ngữ:Tiếng Nga
Được phát hành: Москва, Лексика, 1993
Loạt:Классики русской и зарубежной литературы
Những chủ đề:
Định dạng: Sách
KOHA link:https://koha.lib.tpu.ru/cgi-bin/koha/opac-detail.pl?biblionumber=128401

MARC

LEADER 00000nam0a2200000 4500
001 128401
005 20231101220119.0
010 |a 5723500252 
010 |a 5-7235-0028-7 
020 |a RU  |b 93-29839 
035 |a (RuTPU)RU\TPU\book\138893 
090 |a 128401 
100 |a 20071227g1993 m y0rusy5003 ca 
101 1 |a rus  |c fre 
102 |a RU 
105 |a y z 000ab 
200 1 |a Сочинения  |e В 5 т.  |h Т. 3. Олимпио, или Жизнь Виктора Гюго  |f А. Моруа  |g пер. с фр. Н. Немчинова ; М. Трескунов 
210 |a Москва  |c Лексика  |d 1993 
215 |d 22 см  |a 432 с. 
225 1 |a Классики русской и зарубежной литературы 
600 1 |a Гюго  |g Виктор Мари  |c французский писатель-романтик  |b В. М.  |f 1802-1885  |2 stltpush  |3 (RuTPU)RU\TPU\pers\1778 
610 0 |a художественная литература 
610 0 |a французская литература 
610 0 |a романы 
675 |a 84  |z rus 
700 1 |a Моруа  |b А.  |c французский писатель  |c настоящее имя Эмиль Эрзог  |f 1885-1967  |g Андре  |2 stltpush  |3 (RuTPU)RU\TPU\pers\46431  |4 070  |9 22107 
702 1 |a Немчинова  |b Н.  |4 730 
702 1 |a Трескунов  |b М.  |4 730 
801 0 |a RU  |b RuMRKP  |c 19950413  |g psbo 
801 1 |a RU  |b 63413507  |c 20071227  |g PSBO 
801 2 |a RU  |b 63413507  |c 20200529  |g PSBO 
942 |c BK